| 000 | 00537nam a22001697a 4500 | ||
|---|---|---|---|
| 005 | 20251108165403.0 | ||
| 008 | 250721s1996 xx 000 0 ara d | ||
| 082 | 1 | 4 | _a346.05/بهن |
| 100 | 1 | _aبهنسي، عبد الفتاح | |
| 245 | 1 | 0 | _aالأحوال الشخصية و الوقف في تشريعاتها المتعددة / |
| 264 | 1 |
_aالقاهرة : _bمكتبة إشعاع، _c1996. |
|
| 300 | _a299ص | ||
| 650 | 1 | 7 | _aقانون الأحوال الشخصية |
| 650 | 1 | 7 | _aالوقف |
| 942 |
_2ddc _cBK |
||
| 999 |
_c26680 _d26680 |
||